00423nam a2200145Ia 4500003000400000008004100004040001600045082002200061100001900083245007000102260006300172300001000235650002200245650001000267GCL140319s9999 xx 000 0 eng d aGCL / cGCL04aCCb575.0162bH N1 aHOATH, RICHARD10aNATURAL SELECTIONS: A YEAR OF EGYPT'S WILDLIFE / cHOATH, RICHARD a[S.N] : bTHE AMERICAN UNIVERSITY IN CAIRO PRESS ، c1992 a189 P04aWILDLIFE RESEARCH04aEGYPT